00798nam 22002173 4500001000700000021000700007100004100014101000800055102000700063200004100070210002800111215003600139225003300175300007800208305015300286606003300439675002500472700003600497801001800533830002900551202098 aPT a20240117d u||y0pory50 ba apor aPT aCântico finalfVergílio Ferreira aLisboacArcádiad1975 a340, [1] p.cencadernadod20 cm aObras de Vergílio Ferreira aContém dedicatória na folha de guarda e notas do Prof. Almeida Faria a4ª edição revista incluindo documentos sobre o filme de Manuel Guimarães: textos de Lauro António e Vergílio Ferreira fotografias guião aLiteratura Portuguesa Contos a821.134.3-3vPTzpor aFerreirabVergíliof1916-1996 aPTbBMMNgRPC cAna FalardofAna Falardo